00638nam a22001697a 450000500170000001000130001702000260003003500120005603700160006808200100008410000230009424501350011724600840025226000530033627000580038930000210044720220902103444.0 aUR-11697 a9789392496714c200.00 aU-10252 bDBAD/PUBa- a305.4 aجہا ں نظیر aکشمیری لال ذاکر کے ناولوں کے نسوانی کرداروں کے مسایل /cجہا ں نظیرhا ر د و aKashmiri Lal Zakir ke Novelon ke Niswani Kirdaron ke Masayel /bby Jahan Nazeer aNew DelhibEducational Publishing Housec2021 ء aH.O. D1/16, Ansari Road, DaryaganjbNew Delhie110002 a167 صc22cm(Hb)